Návody na cvičenia z mikroekonómie a makroekonómie

Bibliographic Details
Main Authors: Smrtník, Ján, 1940- (Author), Abdusalamovová, Viera, 1966- (Author)
Format: Book
Language:Slovak
PhysicalDescription:133 s. tab. 30 cm
Published: Vo Zvolene Technická univerzita 1997
ISBN:8022806420
Subjects:

MARC

LEADER 00000nam a2200000 a 4500
001 vtls001313545
003 SK-MaSNL
005 20260301104631.0
008 240509s1997 xo ap r yy slo
015 |a SNBA1998/04-01394 
020 |a 8022806420 
035 |a SNK000265969 
035 |a urn:nbn:sk:snk-amtjcq 
035 |a urn:nbn:sk:snk-am00c686 
035 |a 4D3B25F6-9ADE-4C46-8E8D-5C091AC84049 
040 |a SNK  |b slo  |c SNK  |e AACR2 
041 0 |a slo 
044 |a xo  |c SK 
080 |a 330.101.541/.542(075.8)(076.5)  |2 1981 
100 1 |a Smrtník, Ján,  |d 1940-  |4 aut  |9 38335 
245 1 |a Návody na cvičenia z mikroekonómie a makroekonómie  |c Ján Smrtník, Viera Abdusalamovová 
260 |a Vo Zvolene  |b Technická univerzita  |c 1997 
300 |a 133 s.  |b tab.  |c 30 cm 
500 |a 100 výt. 
504 |a Bibliogr. s. 133 
650 0 7 |a mikroekonómia  |x cvičenia praktické  |2 SNK  |9 443678 
650 0 7 |a makroekonómia  |x cvičenia praktické  |2 SNK  |9 443679 
655 7 |a Textbooks (higher)  |2 SNKPHeng  |9 276436 
655 7 |a učebnice vysokých škôl  |2 SNKPH  |9 70191 
700 1 |a Abdusalamovová, Viera,  |d 1966-  |4 aut  |9 16224 
752 |d Zvolen 
919 |a 80-228-0642-0 
958 |a TL 
958 |a NB 
958 |a UV 
999 |c 698679  |d 700609 
952 |t P60, <03>, [BOOK], {603}  |a SNK  |b SNK  |y PREZ  |7 0  |p 17A0112110  |o snkSB 58016  |i snkKSP 12091/97  |0 0  |1 0  |4 0  |d 1997-12-08  |f 1  |l 0  |r 2025-04-09 00:00:00  |w 2026-02-23 
952 |t P60, <04>, [BOOK], {604}  |a SNK  |b SNK  |y VYP  |7 0  |p 17A0112111  |o snkSB 58016 D1  |i snkKSP 12092/97  |0 0  |1 0  |4 0  |d 1997-12-08  |l 0  |r 2005-01-02 00:00:00  |w 2026-02-23 
952 |t P60, <09>, [BOOK], {629}  |a SNK  |b SNK  |y NEVYP  |7 0  |o snkB 1310  |i snk4797/971209  |0 0  |1 0  |4 0  |d 1997-12-08  |l 0  |r 2005-01-02 00:00:00  |w 2026-02-23